1214 1240 1209 1921 1799 1820 1993 1590 1476 1590 1603 1586 1251 1829 1377 1505 1362 1107 1220 1767 1299 1973 1850 1337 1924 1668 1278 1588 1013 1669 1184 1984 1919 1118 1118 1158 1471 1710 1694 1647 1975 1144 1568 1783 1149 1973 1626 1881 1046 1684 1884 1584 1974 1676 1341 1285 1637 1569 1162 1786 1805 1645 1715 1975 1525 1927 1501 1764 1805 1142 1763 1461 1858 1604 1383 1331 1149 1617 1502 1625 1249 1436 1062 1225 1640 1012 1796 1802 1505 1673 1797 1074 1981 1810 1283 1510 1987 1282 1145 BCNSPRNW ULIB Ver.6.0+V

เปลี่ยนเป็นภาษาไทย

Change to English
 แสดงรายละเอียดบรรณานุกรม
  กลับหน้าหลัก

Brief Record : Get Marc (ISO 2709) : E-mail record : QR code < ปิดหน้าต่าง
LEADER : 00000nam 2200000uu 4500
001    13399128480
003     ULIB
008    230830s2019||||th 000 0 tha d
020    ^a9781108681360 (pbk.)
050  4 ^aPE1128^bIG22
245 00 ^aIELTS 14 general training with answers :^bauthenticexamination tests /^c[Cambridge University Press]
260    ^aCambridge :^bCambridge University Press,^c2019
300    ^a141 p. :^bill. ;^c25 cm.
650  0 ^aInternational English Language Testing System^vStudyguides
650  0 ^aEnglish language^vTextbooks for foreign speakers
650  0 ^aEnglish language^xStudy and teaching
650  0 ^aEnglish language^xExaminations^vStudy guides
650  0 ^aEnglish language^vProblems, exercises, etc.
653    ^aIELTS
945    ^p1099^l0^i010224
999    ^aประนอม เกษจรัล
รายการนี้ยังไม่มีแท็ก
คุณยังไม่ได้ล็อกอิน คุณสามารถมีกิจกรรมร่วมกับเว็บไซต์ได้ แต่ต้องล็อกอินก่อน ::
  ล็อกอิน

รายการสื่อสารสนเทศ

ลำดับที่ ประเภท เลขเรียก/บาร์โค้ด สถานที่ สถานะ
1. การศึกษาทั่วไป
หนังสือสำรอง
สถานะ=หนังสือสำรอง
PE1128 IG22 ฉ.1 
  Barcode: 010224
ห้องสมุดวิทยาเขตสวรรค์ประชารักษ์
►หนังสือทั่วไป
บนชั้น

BibComment


ยังไม่เคยถูกคอมเมนท์

คอมเมนท์ทรัพยากรรายการนี้
  คอมเมนท์: IELTS 14 general..


 Copyright 2026. Bcnsprnw @Library